[Event "36th World Junior Girls"]
[Site "Manavgat TUR"]
[Date "2018.09.15"]
[Round "11.10"]
[White "Gorti, Akshita"]
[Black "Gomez Barrera, Javiera Belen"]
[Result "1-0"]
[WhiteTitle "FM"]
[BlackTitle "WIM"]
[WhiteElo "2315"]
[BlackElo "2035"]
[WhiteFideId "2072505"]
[BlackFideId "3418723"]
[EventDate "2018.09.05"]

1. d4 Nf6 2. c4 g6 3. Nc3 Bg7 4. e4 d6 5. h3 O-O 6. Be3 Na6 7. Bd3 e5 8. d5 Nd7
9. a3 Nac5 10. Bc2 f5 11. b4 Nxe4 12. Nxe4 fxe4 13. Ne2 Nf6 14. Nc3 Qe7 15. Qd2
Bd7 16. c5 Rfd8 17. O-O Bf5 18. Rac1 Kh8 19. Rfd1 dxc5 20. Bxc5 Qf7 21. Bb3 b6
22. Be3 a6 23. Bg5 h5 24. Qe2 Rd7 25. Bxf6 Qxf6 26. Nxe4 Bxe4 27. Qxe4 Qf5 28.
Bc2 Bh6 29. Qe2 Qf6 30. Rb1 Rad8 31. Be4 b5 32. Rd3 Bf4 33. Rc3 Qg7 34. Qc2 Rf8
35. Bxg6 Rxd5 36. Rxc7 Rd2 37. Rxg7 Kxg7 38. Qe4 Rd4 39. Qb7+ Kxg6 40. Qxa6+ Rf6
41. Qxb5 Rd2 42. Qe8+ Kh6 43. g3 Bg5 44. h4 1-0

[Event "36th World Junior Girls"]
[Site "Manavgat TUR"]
[Date "2018.09.15"]
[Round "11.11"]
[White "Unuk, Laura"]
[Black "Beydullayeva, Govhar"]
[Result "1/2-1/2"]
[WhiteTitle "WIM"]
[BlackTitle "WFM"]
[WhiteElo "2299"]
[BlackElo "2202"]
[WhiteFideId "14609215"]
[BlackFideId "13413015"]
[EventDate "2018.09.05"]

1. d4 d5 2. c4 c6 3. Nf3 Nf6 4. Nc3 e6 5. e3 Nbd7 6. Qc2 Bd6 7. b3 O-O 8. Be2 b6
9. O-O Bb7 10. Bb2 Qe7 11. Rad1 Rad8 12. Rfe1 Rfe8 13. Bf1 e5 14. dxe5 Nxe5 15.
Nd4 dxc4 16. Nf5 Qe6 17. Nxd6 Rxd6 18. Rxd6 Qxd6 19. Rd1 cxb3 20. axb3 Qe7 21.
Ne4 Nxe4 22. Qxe4 f6 23. Bxe5 Qxe5 24. Qc4+ Kh8 25. Rd7 Bc8 26. Rxa7 Be6 27.
Qxc6 Bxb3 28. Qxb6 Rb8 29. Rb7 Rxb7 30. Qxb7 Qd5 31. Qxd5 Bxd5 32. Bd3 Kg8 33.
Kf1 g5 34. e4 Bc6 35. Ke2 Kf7 36. Bc4+ Ke7 37. Ke3 Kd6 38. g3 h6 39. Kd4 Be8 40.
Be2 Bf7 41. Bg4 Be8 42. Bf5 Bf7 43. Bh7 Bb3 44. Kc3 Bd1 45. f4 Ba4 46. Bg6 Bd1
47. Kb4 Be2 48. h4 gxf4 49. gxf4 Bf1 50. Bf5 Be2 51. Bc8 Bd3 52. Bb7 Bf1 53. Ba8
Be2 54. Kc3 Bf1 55. Kd4 Be2 56. Bd5 Bf1 57. Bc4 Bg2 58. Be2 Bh3 59. Kc4 Bd7 60.
Kd4 Bc8 61. e5+ fxe5+ 62. fxe5+ Ke7 63. Ke4 Bd7 64. Kf4 Ba4 65. Bc4 Bc2 66. Kg4
Bd1+ 67. Kf4 Bc2 68. Bd5 Bh7 69. Be4 Bg8 70. Bc2 Be6 71. Bg6 Bb3 72. h5 Bd1 73.
Kf5 Bc2+ 74. Kf4 Bd1 75. Kf5 1/2-1/2

[Event "36th World Junior Girls"]
[Site "Manavgat TUR"]
[Date "2018.09.15"]
[Round "11.12"]
[White "Kanakova, Natalie"]
[Black "Diakonova, Ekaterina"]
[Result "1/2-1/2"]
[WhiteTitle "WFM"]
[WhiteElo "2201"]
[BlackElo "2243"]
[WhiteFideId "350486"]
[BlackFideId "24172936"]
[EventDate "2018.09.05"]

1. Nf3 Nf6 2. g3 g6 3. b3 b6 4. Bb2 Bg7 5. Bg2 Bb7 6. O-O O-O 7. d4 c5 8. c4
cxd4 9. Qxd4 d6 10. Nc3 Ne4 11. Qd3 Nxc3 12. Bxc3 Bxc3 13. Qxc3 Nd7 14. Rad1 Nf6
15. Qe3 Bxf3 16. Bxf3 Rc8 17. Rd4 Qd7 18. Rh4 Rfd8 19. Rd1 Rc5 20. Qh6 Qe8 21.
Rhd4 a5 22. a3 Rdc8 23. Qd2 Qd8 24. Bb7 R8c7 25. Bd5 Nxd5 26. Rxd5 Rxd5 27. Qxd5
Rc5 28. Qd3 Qc8 29. a4 Qh3 30. Qf3 Rh5 31. Qg2 Qxg2+ 32. Kxg2 Re5 33. Kf3 Kg7
34. Rd5 Kf6 35. e4 Ke6 36. Ke3 f5 37. Rxe5+ dxe5 38. f3 h5 39. h3 fxe4 40. fxe4
g5 41. g4 hxg4 42. hxg4 Kd6 43. Kd3 Kc6 44. Kc3 Kc5 45. Kd3 Kc6 46. Kd2 Kd6 47.
Kd3 Kc6 48. Kc3 Kc5 49. Kd3 1/2-1/2

[Event "36th World Junior Girls"]
[Site "Manavgat TUR"]
[Date "2018.09.15"]
[Round "11.13"]
[White "Ghukasyan, Siranush"]
[Black "Hilario, Aleyla"]
[Result "1-0"]
[WhiteTitle "WIM"]
[BlackTitle "WFM"]
[WhiteElo "2205"]
[BlackElo "2203"]
[WhiteFideId "13300946"]
[BlackFideId "3819400"]
[EventDate "2018.09.05"]

1. e4 e6 2. d4 d5 3. Nc3 Nf6 4. e5 Nfd7 5. f4 c5 6. Nf3 Nc6 7. Be3 a6 8. Be2 Be7
9. O-O O-O 10. Kh1 b5 11. a3 cxd4 12. Nxd4 Bb7 13. Bf3 Nc5 14. Nce2 Qc7 15. c3
Ne4 16. Nxc6 Bxc6 17. Nd4 Bb7 18. Be2 Bc5 19. Bd3 Rae8 20. Nc2 Bxe3 21. Nxe3 f6
22. exf6 Rxf6 23. Bxe4 dxe4 24. Qh5 Ref8 25. g3 Rd8 26. Rad1 Rd3 27. Qe8+ Rf8
28. Qxe6+ Kh8 29. Rfe1 Rfd8 30. Kg1 Qc5 31. Rxd3 exd3 32. Rd1 h6 33. Rd2 Bf3 34.
Qe5 Qc6 35. Nf5 Qg6 36. Nd4 Be4 37. Qe6 Qh7 38. f5 Bd5 39. Qe7 Qg8 40. f6 Bf7
41. fxg7+ Kh7 42. Rxd3 Re8 43. Qf6 Bg6 44. Nf5 Re6 45. Qf8 Re8 46. Qxg8+ Kxg8
47. Rf3 Re2 48. Nxh6+ Kxg7 49. Nf5+ Kh7 50. b3 Ra2 51. g4 a5 52. Rh3+ Kg8 53.
Ne7+ Kg7 54. Nxg6 Kxg6 55. Rh5 Rxa3 56. Rxb5 a4 57. bxa4 Rxa4 58. Rb4 Ra3 59. h4
Rxc3 60. Kg2 Kf6 61. Rf4+ Kg6 62. Rf3 Rc4 63. Kg3 Rc1 64. h5+ Kg5 65. Rf5+ Kh6
66. Rf6+ Kg7 67. Rb6 Ra1 68. Kh4 Ra4 69. h6+ Kh7 70. Kh5 Ra1 71. Rb7+ Kh8 72. g5
Ra5 73. Rf7 Kg8 74. Rf6 Kh7 75. Rb6 Rc5 76. Kg4 Ra5 77. Rb7+ Kg8 78. Re7 Ra4+
79. Kf5 Ra1 80. Kf6 Ra6+ 81. Re6 Ra8 82. g6 Rf8+ 83. Kg5 Ra8 84. h7+ Kh8 85. Kh6 1-0

[Event "36th World Junior Girls"]
[Site "Manavgat TUR"]
[Date "2018.09.15"]
[Round "11.14"]
[White "Li, Yunshan"]
[Black "Sieber, Fiona"]
[Result "0-1"]
[WhiteTitle "WFM"]
[BlackTitle "WIM"]
[WhiteElo "2060"]
[BlackElo "2277"]
[WhiteFideId "8607664"]
[BlackFideId "12902373"]
[EventDate "2018.09.05"]

1. d4 Nf6 2. c4 e6 3. g3 d5 4. Nf3 Bb4+ 5. Bd2 Be7 6. Bg2 O-O 7. O-O Nbd7 8. b3
c6 9. Nc3 b6 10. Bf4 Nh5 11. Nd2 Bb7 12. e3 Nxf4 13. gxf4 f5 14. Rb1 Bb4 15. Ne2
Rf6 16. Nf3 Rh6 17. Nc1 Bd6 18. Nd3 Qe7 19. cxd5 exd5 20. Nde5 Nf6 21. Qc2 Ne4
22. Nd2 Bxe5 23. dxe5 Ba6 24. Rfc1 Nxf2 25. Nf3 Ne4 26. Nd4 Qh4 27. Bxe4 fxe4
28. Kh1 Bd3 29. Qd2 Qh5 30. Rb2 c5 31. Nc2 Rd8 32. Ne1 Rg6 33. Qf2 d4 34. exd4
Rxd4 35. Qe3 Ba6 36. b4 Bb7 37. Ng2 Rd1+ 38. Rxd1 Qxd1+ 39. Ne1 Qd4 40. Re2 Ba6
41. Qxd4 cxd4 42. Rb2 e3 43. h4 d3 0-1

[Event "36th World Junior Girls"]
[Site "Manavgat TUR"]
[Date "2018.09.15"]
[Round "11.15"]
[White "Haussernot, Cecile"]
[Black "Serikbay, Assel"]
[Result "0-1"]
[WhiteTitle "WIM"]
[BlackTitle "WFM"]
[WhiteElo "2237"]
[BlackElo "2125"]
[WhiteFideId "601632"]
[BlackFideId "13706799"]
[EventDate "2018.09.05"]

1. e4 c5 2. Nf3 e6 3. d4 cxd4 4. Nxd4 a6 5. Nc3 Qc7 6. Bd3 Nc6 7. Nxc6 dxc6 8.
O-O e5 9. Kh1 Nf6 10. f4 Bc5 11. Qf3 Bd6 12. f5 Bd7 13. a4 a5 14. Bc4 h5 15. Be3
Ng4 16. Bg1 Nh6 17. Rfd1 Be7 18. Rd3 O-O-O 19. Qf2 g6 20. Qa7 gxf5 21. Bb6 Qb8
22. Qxa5 fxe4 23. Nxe4 Bf5 24. Bxd8 Bxd8 25. Qe1 Bc7 26. a5 Qa7 27. Rf3 Bg6 28.
a6 b5 29. Bd3 f5 30. Ng3 e4 31. Qc3 Rg8 32. Qxc6 exf3 33. Qxf3 Rf8 34. Bxb5 Ng4
35. Rf1 h4 36. Ne4 Nxh2 37. Qb3 Nxf1 38. Nd6+ Kd8 39. Nb7+ Ke7 40. Qb4+ Kf7 41.
Bc4+ Kg7 42. Qc3+ Kh6 43. Bxf1 Qf2 44. Qxc7 Qxf1+ 45. Kh2 Re8 46. Qc3 Re1 47.
Qh8+ Kg5 48. Qd8+ Kg4 49. Qd4+ f4 50. Qd7+ Kh5 51. Qd5+ Kh6 52. Kh3 Bf5+ 53.
Qxf5 Qh1+ 54. Kg4 Qxg2+ 55. Kxf4 Qg3# 0-1

[Event "36th World Junior Girls"]
[Site "Manavgat TUR"]
[Date "2018.09.15"]
[Round "11.16"]
[White "Altantuya, Boldbaatar"]
[Black "Ozbay, Ece"]
[Result "1/2-1/2"]
[WhiteTitle "WFM"]
[BlackTitle "WFM"]
[WhiteElo "2210"]
[BlackElo "2114"]
[WhiteFideId "4902785"]
[BlackFideId "6351743"]
[EventDate "2018.09.05"]

1. d4 d5 2. c4 c6 3. Nc3 Nf6 4. e3 g6 5. Nf3 Bg7 6. Bd3 O-O 7. O-O Nbd7 8. b3 a6
9. a4 b6 10. Ba3 Re8 11. cxd5 cxd5 12. Rc1 Bb7 13. h3 e5 14. dxe5 Nxe5 15. Nd4
Nxd3 16. Qxd3 Ne4 17. Nce2 Qg5 18. Nf3 Qf6 19. Rc7 Rab8 20. Nf4 Ng5 21. Nd4 Ne6
22. Nfxe6 fxe6 23. Bb2 e5 24. Nf3 Re7 25. Qc3 Rbe8 26. Nxe5 Qg5 27. Rxe7 Rxe7
28. f4 Bxe5 29. Qd2 Bxf4 30. Rxf4 Re4 31. Qc3 d4 32. Qc4+ Qd5 33. Rxe4 Qxc4 34.
Re8+ Kf7 35. bxc4 Kxe8 36. Bxd4 Bc6 37. Bxb6 Bxa4 38. Kf2 Ke7 39. e4 Ke6 40. Ke3
Bc6 41. h4 h6 42. g3 Ba8 43. Kd4 Bc6 44. Ba5 h5 45. Bc3 Ba8 46. e5 Bg2 47. Kc5
Bf1 48. Kb4 Be2 49. Bd4 Bf1 50. Ba1 Be2 51. Kc3 Bf1 52. Kd4 Be2 53. c5 Bb5 54.
Ke4 Be8 55. Bc3 Bc6+ 56. Kf4 Bd7 57. Kg5 Kf7 58. Ba5 Be8 59. Kh6 Bd7 1/2-1/2

[Event "36th World Junior Girls"]
[Site "Manavgat TUR"]
[Date "2018.09.15"]
[Round "11.17"]
[White "Kubicka, Anna"]
[Black "Wafa, Shahenda"]
[Result "1/2-1/2"]
[WhiteTitle "WIM"]
[BlackTitle "WGM"]
[WhiteElo "2204"]
[BlackElo "2129"]
[WhiteFideId "1152254"]
[BlackFideId "10609962"]
[EventDate "2018.09.05"]

1. e4 c5 2. Ne2 d6 3. g3 g6 4. Bg2 Bg7 5. c3 Nc6 6. O-O e6 7. d4 cxd4 8. cxd4 d5
9. exd5 exd5 10. Nbc3 Nge7 11. Bg5 h6 12. Bxe7 Nxe7 13. Nf4 O-O 14. Nfxd5 Nc6
15. Qa4 Nxd4 16. Rad1 Bd7 17. Qb4 a5 18. Qc5 Ne6 19. Qd6 Bc6 20. Ne7+ Kh7 21.
Nxc6 Qxd6 22. Rxd6 bxc6 23. Rxc6 Rab8 24. Rb1 Rfd8 25. Bd5 Ng5 26. h4 Bxc3 27.
hxg5 Rxd5 28. Rxc3 Rxg5 29. b3 Rd8 30. Rbc1 Rd2 31. R3c2 Rgd5 32. Kf1 h5 33. Ke1
R2d4 34. Rc5 Kh6 35. Rxd5 Rxd5 36. Rc4 g5 37. Ke2 Kg6 38. b4 axb4 39. Rxb4 Re5+
40. Kf3 Rf5+ 41. Ke3 Rc5 42. a4 Rc3+ 43. Ke2 Ra3 44. Rc4 f6 45. Rb4 Kf5 46. Kf1
Kg6 47. Kg2 Ra2 48. Rc4 Ra3 49. Re4 Kf5 50. Rc4 Kg6 51. Rb4 Ra2 52. Kf3 Ra3+ 53.
Ke2 Kf5 54. Rd4 Ra2+ 55. Kf3 Ra3+ 56. Kg2 Kg6 57. Rb4 Ra2 58. Kf3 Ra3+ 59. Ke2
Kf5 60. Kf1 Kg6 61. Rc4 Ra1+ 62. Ke2 Ra2+ 63. Kf3 Ra3+ 64. Ke4 1/2-1/2

[Event "36th World Junior Girls"]
[Site "Manavgat TUR"]
[Date "2018.09.15"]
[Round "11.18"]
[White "Lingur, Zalina"]
[Black "Chu, Ruotong"]
[Result "1-0"]
[WhiteTitle "WFM"]
[BlackTitle "WIM"]
[WhiteElo "2061"]
[BlackElo "2199"]
[WhiteFideId "34165670"]
[BlackFideId "8605653"]
[EventDate "2018.09.05"]

1. e4 e5 2. Nf3 Nf6 3. Nxe5 d6 4. Nf3 Nxe4 5. d4 d5 6. Bd3 Nc6 7. O-O Be7 8. c4
Nf6 9. h3 O-O 10. Nc3 Nb4 11. Be2 dxc4 12. Bxc4 c6 13. Re1 Nbd5 14. Bg5 Be6 15.
Qb3 Qb6 16. Nxd5 cxd5 17. Bd3 h6 18. Bh4 Bb4 19. Re3 Nh5 20. Rd1 Bd6 21. Ne5 f6
22. Ng6 Qxb3 23. axb3 Rfe8 24. Bb5 Bf7 25. Bxe8 Rxe8 26. Rxe8+ Bxe8 27. g4 Bxg6
28. gxh5 Bxh5 29. Rc1 f5 30. Bd8 Bf4 31. Rc8 Kf7 32. Bc7 Bc1 33. Be5 Bxb2 34.
Rc7+ Ke6 35. Rxb7 a5 36. Bxg7 Bd1 37. Bxh6 Bxd4 38. Bd2 Be5 39. Bxa5 Be2 40. Bd2
d4 41. b4 d3 42. b5 f4 43. b6 Kd6 44. Rc7 Kd5 45. Rc8 1-0

[Event "36th World Junior Girls"]
[Site "Manavgat TUR"]
[Date "2018.09.15"]
[Round "11.19"]
[White "Auvray, Honorine"]
[Black "Schneider, Jana"]
[Result "1/2-1/2"]
[WhiteTitle "WFM"]
[BlackTitle "FM"]
[WhiteElo "2050"]
[BlackElo "2190"]
[WhiteFideId "600512"]
[BlackFideId "12924997"]
[EventDate "2018.09.05"]

1. d4 Nf6 2. Bf4 e6 3. e3 d5 4. Nd2 Bd6 5. Bg3 O-O 6. Ngf3 c5 7. c3 Qc7 8. Ne5
Nfd7 9. Bd3 Nc6 10. Nxd7 Qxd7 11. Bxd6 Qxd6 12. dxc5 Qxc5 13. Bxh7+ Kxh7 14.
Qh5+ Kg8 15. Ne4 g6 16. Qg5 Qe7 17. Nf6+ Kg7 18. Nh5+ Kh7 19. Nf6+ Kg7 20. Nh5+
Kh7 21. Nf6+ 1/2-1/2

[Event "36th World Junior Girls"]
[Site "Manavgat TUR"]
[Date "2018.09.15"]
[Round "11.20"]
[White "Isha, Sharma"]
[Black "Song, Yuxin"]
[Result "1-0"]
[WhiteTitle "WCM"]
[BlackTitle "WCM"]
[WhiteElo "2012"]
[BlackElo "2156"]
[WhiteFideId "35006665"]
[BlackFideId "8614300"]
[EventDate "2018.09.05"]

1. e4 e5 2. Nf3 Nc6 3. Bc4 Nf6 4. d3 Be7 5. O-O d6 6. c3 O-O 7. h3 Na5 8. Bb5 a6
9. Ba4 b5 10. Bc2 c5 11. d4 cxd4 12. cxd4 Qc7 13. Nc3 Be6 14. d5 Bd7 15. Ne2
Rfc8 16. Bd3 b4 17. Bd2 Qb6 18. Ng3 Bb5 19. Bxb4 Bxd3 20. Bxa5 Qb5 21. a4 Qc4
22. Nd2 Qc2 23. Qxc2 Rxc2 24. Rfc1 Rac8 25. Rxc2 Rxc2 26. Ra3 Bc4 27. Nf5 Bf8
28. f3 Nxd5 29. exd5 Bxd5 30. Rd3 Bc6 31. Bc3 Bxa4 32. Nxd6 f6 33. N2e4 Bc6 34.
Rd2 Rc1+ 35. Kf2 Rb1 36. Nc5 a5 37. Ne6 a4 38. Nxf8 Kxf8 39. Nf5 Kf7 40. Rd6 Be8
41. Rd8 g6 42. Nd6+ Ke7 43. Rxe8+ Kxd6 44. Rh8 h5 45. Rh6 Ke6 46. Rh8 Ra1 47.
Ra8 h4 48. Bb4 Rc1 49. Ba3 Rc2+ 50. Ke3 Rxg2 51. Rxa4 g5 52. b4 f5 53. b5 f4+
54. Kd3 Rf2 55. b6 Rxf3+ 56. Kc4 Kd7 57. Ra7+ Kc6 58. Bc5 Rc3+ 59. Kxc3 Kxc5 60.
b7 Kd5 61. b8=Q Ke4 62. Ra4+ Kf3 63. Qxe5 Kg3 64. Qxg5+ Kf3 65. Rxf4+ Ke2 66.
Qg2+ Ke3 67. Qf3# 1-0

[Event "36th World Junior Girls"]
[Site "Manavgat TUR"]
[Date "2018.09.15"]
[Round "11.21"]
[White "Georgescu, Lena"]
[Black "Kocyigit, Buse Naz"]
[Result "1/2-1/2"]
[WhiteTitle "WFM"]
[WhiteElo "2195"]
[BlackElo "1944"]
[WhiteFideId "1331973"]
[BlackFideId "6380840"]
[EventDate "2018.09.05"]

1. e4 d5 2. exd5 Qxd5 3. d4 Nf6 4. Nf3 Bg4 5. Be2 c6 6. h3 Bxf3 7. Bxf3 Qd8 8.
O-O e6 9. c4 Bd6 10. Nc3 O-O 11. Be3 Nbd7 12. Re1 h6 13. d5 cxd5 14. cxd5 e5 15.
a3 a6 16. Rc1 Re8 17. Ne4 Nxe4 18. Bxe4 Nf6 19. Bb1 Qa5 20. Ba2 Rac8 21. Qb3 Qb5
22. Red1 Qxb3 23. Bxb3 Nd7 24. Ba4 Rxc1 25. Rxc1 Rd8 26. b4 f5 27. f3 Nf6 28.
Bb6 Rf8 29. Rc2 Kf7 30. Kf2 Ke7 31. Bb3 Nd7 32. Bc7 Nf6 33. Ke3 Kd7 34. Bb6 e4
35. fxe4 1/2-1/2

[Event "36th World Junior Girls"]
[Site "Manavgat TUR"]
[Date "2018.09.15"]
[Round "11.23"]
[White "De Silva, Tenara"]
[Black "Pychova, Nela"]
[Result "1/2-1/2"]
[BlackTitle "WFM"]
[WhiteElo "1764"]
[BlackElo "2173"]
[WhiteFideId "9942270"]
[BlackFideId "351369"]
[EventDate "2018.09.05"]

1. c4 Nf6 2. Nc3 e6 3. e4 c5 4. e5 Ng8 5. Nf3 Nc6 6. d3 d6 7. exd6 Bxd6 8. d4
cxd4 9. Nxd4 Bb4 10. Nxc6 Bxc3+ 11. bxc3 Qxd1+ 12. Kxd1 bxc6 13. Ba3 Nf6 14. f3
Ba6 15. Kc2 Nd7 16. Bd6 c5 17. Be2 Rc8 18. a4 Rc6 19. Rhd1 Nb6 20. a5 Nc8 21.
Bb8 Ne7 22. Bd3 f5 23. Bxa7 Ng6 24. Rab1 Ke7 25. Bf1 Ne5 26. Rb6 Rhc8 27. Rxc6
Rxc6 28. Bb8 Nd7 29. Bg3 e5 30. Bh4+ Ke6 31. g4 g6 32. Bd3 Rc8 33. gxf5+ gxf5
34. Bxf5+ Kxf5 35. Rxd7 Bxc4 36. Rxh7 Ra8 37. Bg3 Rxa5 38. Rh5+ Kf6 39. Rxe5
Ra2+ 40. Kb1 Ra5 41. Kc2 Ra2+ 42. Kc1 Ra1+ 43. Kd2 Ra2+ 44. Ke1 Ra1+ 45. Kf2
Ra2+ 46. Kg1 Ra1+ 47. Kg2 Ra2+ 48. Kg1 Ra1+ 49. Re1 Rxe1+ 50. Bxe1 Bf7 51. Kf2
Kf5 52. Ke3 c4 53. Bg3 Bd5 54. Kd4 Bf7 55. h4 Bg8 56. Bc7 Bf7 57. Ke3 Be8 58.
Bd8 Bf7 59. Bg5 Ke5 60. f4+ Kd5 61. f5 Ke5 62. f6 Bh5 63. Kd2 Kd5 64. Kc2 Kc5
65. Kb2 Kc6 66. Be3 Bg6 67. Kc1 Kd5 68. Kd2 Ke4 69. Bg5 Bh5 1/2-1/2

[Event "36th World Junior Girls"]
[Site "Manavgat TUR"]
[Date "2018.09.15"]
[Round "11.24"]
[White "Ivana Maria, Furtado"]
[Black "Cramling Bellon, Anna"]
[Result "1/2-1/2"]
[WhiteTitle "WIM"]
[BlackTitle "WFM"]
[WhiteElo "2144"]
[BlackElo "2009"]
[WhiteFideId "5048400"]
[BlackFideId "32009232"]
[EventDate "2018.09.05"]

1. d4 Nf6 2. Nf3 e6 3. c4 d5 4. g3 dxc4 5. Qa4+ Bd7 6. Qxc4 Bc6 7. Bg2 Nbd7 8.
Nc3 a6 9. O-O Bd6 10. Qd3 b5 11. a3 O-O 12. Bg5 h6 13. Bf4 Qe7 14. e4 e5 15. Bd2
Rad8 16. d5 Bb7 17. Nh4 Nc5 18. Qc2 Bc8 19. b4 Nb7 20. Nd1 g5 21. Nf5 Bxf5 22.
exf5 e4 23. Nc3 Be5 24. Rae1 Qd7 25. Nxe4 Qxf5 26. Nxf6+ Qxf6 27. f4 Bd4+ 28.
Kh1 g4 29. Qxc7 Nd6 30. Qc2 Nc4 31. Bc1 Rfe8 32. Qd1 h5 33. Rxe8+ Rxe8 34. Re1
Rxe1+ 35. Qxe1 Kg7 36. h3 Qb6 37. Qe2 Qg6 38. Qe4 Qf6 39. hxg4 hxg4 40. f5 Kf8
41. Qxg4 Bf2 42. Kh2 Ne5 43. Qg5 Qh8+ 44. Qh6+ Qxh6+ 45. Bxh6+ Ke7 46. d6+ Kxd6
47. Bb7 Kc7 48. Bxa6 Ng4+ 49. Kg2 Nxh6 50. Kxf2 Kb6 51. Bc8 Kc7 52. Ba6 Kb6 53.
Bxb5 Kxb5 54. Ke3 Nxf5+ 55. Kf4 Nd6 56. Ke5 Kc6 57. g4 Nc4+ 58. Kf6 Nxa3 59.
Kxf7 Nc4 60. Ke6 Nd6 61. g5 Ne8 62. Kf7 Kd7 63. g6 Nd6+ 64. Kf6 Ne8+ 65. Kf7
Nd6+ 66. Kg7 Nf5+ 67. Kf6 Nd6 68. b5 Ne8+ 69. Kf7 Nd6+ 70. Kg7 Ke7 71. b6 Nf5+
72. Kg8 Kd7 73. Kf7 Kc6 74. Kf6 Nh6 75. g7 Kxb6 1/2-1/2

[Event "36th World Junior Girls"]
[Site "Manavgat TUR"]
[Date "2018.09.15"]
[Round "11.25"]
[White "Urh, Zala"]
[Black "Salah, Nadezhda"]
[Result "1-0"]
[WhiteTitle "WFM"]
[WhiteElo "2128"]
[BlackElo "1918"]
[WhiteFideId "14611481"]
[BlackFideId "14139758"]
[EventDate "2018.09.05"]

1. Nf3 g6 2. g3 Nf6 3. Bg2 Bg7 4. O-O O-O 5. d4 d6 6. b3 a5 7. c4 a4 8. Bb2 c5
9. Nbd2 Nc6 10. d5 Nb8 11. e4 a3 12. Bc3 b5 13. cxb5 Bd7 14. Qe2 Qb6 15. Nc4 Qb7
16. Nfd2 Bxb5 17. f4 Na6 18. Rad1 Rad8 19. Nb1 Bxc4 20. bxc4 Nb4 21. Rf3 e6 22.
e5 Ng4 23. dxe6 fxe6 24. Rfd3 Qb8 25. Bxb4 Qxb4 26. Rb3 Qa5 27. Rxa3 Qb4 28. Rb3
Qa5 29. Rb5 Qa4 30. Nc3 Qa3 31. Rb3 Qa6 32. Qxg4 Qxc4 33. Bf1 1-0

[Event "36th World Junior Girls"]
[Site "Manavgat TUR"]
[Date "2018.09.15"]
[Round "11.26"]
[White "Li, Xinyu"]
[Black "Nass, Sara"]
[Result "1-0"]
[WhiteElo "2086"]
[BlackElo "1888"]
[WhiteFideId "8610401"]
[BlackFideId "1516191"]
[EventDate "2018.09.05"]

1. d4 d5 2. c4 e6 3. Nc3 Nf6 4. Bg5 Be7 5. e3 c6 6. Nf3 Nbd7 7. Rc1 O-O 8. Bd3
dxc4 9. Bxc4 Nd5 10. Bxe7 Qxe7 11. O-O N5b6 12. Bb3 e5 13. d5 cxd5 14. Nxd5 Nxd5
15. Qxd5 e4 16. Nd4 Nf6 17. Qc5 Qxc5 18. Rxc5 b6 19. Rc7 Ba6 20. Rfc1 Rac8 21.
Bxf7+ Rxf7 22. Rxc8+ Bxc8 23. Rxc8+ Rf8 24. Rxf8+ Kxf8 25. Kf1 Kf7 26. Ke2 Nd5
27. Nb5 Ke6 28. Nxa7 Nb4 29. a3 Nd3 30. b4 Kd5 1-0

[Event "36th World Junior Girls"]
[Site "Manavgat TUR"]
[Date "2018.09.15"]
[Round "11.27"]
[White "Sankova, Stella"]
[Black "Zairbek kyzy, Begimay"]
[Result "1/2-1/2"]
[WhiteTitle "WFM"]
[WhiteElo "2081"]
[BlackElo "1770"]
[WhiteFideId "14944200"]
[BlackFideId "13803603"]
[EventDate "2018.09.05"]

1. e4 c6 2. d4 d5 3. exd5 cxd5 4. Bd3 Nf6 5. c3 Nc6 6. Bf4 Bg4 7. Qb3 Na5 8.
Qa4+ Bd7 9. Qc2 e6 10. Nd2 Rc8 11. Ngf3 Nc6 12. Qd1 Be7 13. O-O O-O 14. Re1 Na5
15. Qe2 a6 16. Ne5 b5 17. Nf1 Nc4 18. g4 g6 19. Ng3 Ne8 20. Bh6 Ng7 21. f4 Nxe5
22. Qxe5 Bf6 23. Qe3 Re8 24. Kg2 Bc6 25. Qf3 b4 26. g5 Be7 27. Bxg7 Kxg7 28.
Bxa6 Ra8 29. Bd3 bxc3 30. bxc3 Ra3 31. Ne2 Qa5 32. h4 h5 33. gxh6+ Kxh6 34. h5
gxh5 35. f5 Rg8+ 36. Kh3 exf5 37. Ng3 Rxg3+ 38. Qxg3 Qxc3 39. Rxe7 Qxd3 40. Qxd3
Rxd3+ 41. Kh2 Kg6 42. a4 Rxd4 43. a5 Rd2+ 44. Kg1 f4 45. Rf1 d4 46. Ra1 1/2-1/2

[Event "36th World Junior Girls"]
[Site "Manavgat TUR"]
[Date "2018.09.15"]
[Round "11.28"]
[White "Celik, Eylul"]
[Black "Hu, Yu A."]
[Result "1-0"]
[WhiteTitle "WCM"]
[WhiteElo "2014"]
[BlackElo "2009"]
[WhiteFideId "34505792"]
[BlackFideId "8609993"]
[EventDate "2018.09.05"]

1. d4 Nf6 2. c4 e6 3. Bg5 Be7 4. Nc3 d5 5. cxd5 exd5 6. e3 c6 7. Qc2 Nbd7 8. Bd3
Nh5 9. Bxe7 Qxe7 10. Nf3 g6 11. O-O O-O 12. a3 a5 13. Rab1 Nb6 14. b4 axb4 15.
axb4 Bd7 16. Ne5 Be6 17. Qb3 Ra7 18. Ra1 Rfa8 19. Ra5 f6 20. Rfa1 Nc8 21. Nf3
Qc7 22. Rxa7 Rxa7 23. Rxa7 Nxa7 24. Qa3 Nc8 25. b5 Qd6 26. Qc5 Qd7 27. Nd2 Nd6
28. b6 Bf5 29. Be2 Ng7 30. Nb3 Ne6 31. Qa5 Nc4 32. Bxc4 dxc4 33. Qa8+ Qd8 34.
Qxd8+ Nxd8 35. Na5 Bd3 36. Na4 Kf7 37. Nc5 Be2 38. f3 c3 39. Kf2 c2 40. Ncb3 Bd1
41. Ke1 1-0

[Event "36th World Junior Girls"]
[Site "Manavgat TUR"]
[Date "2018.09.15"]
[Round "11.29"]
[White "Kamalidenova, Meruert"]
[Black "Alinasab, Mobina"]
[Result "1/2-1/2"]
[WhiteTitle "WFM"]
[BlackTitle "WIM"]
[WhiteElo "2011"]
[BlackElo "2261"]
[WhiteFideId "13712802"]
[BlackFideId "12528897"]
[EventDate "2018.09.05"]

1. e4 e6 2. d4 d5 3. Nd2 Be7 4. Ngf3 Nf6 5. Bd3 c5 6. dxc5 dxe4 7. Nxe4 Nxe4 8.
Bxe4 Qxd1+ 9. Kxd1 Bxc5 10. Ke2 Nc6 11. c3 Bd7 12. Rd1 f6 13. b4 Be7 14. Be3 Rc8
15. Rac1 f5 16. Bc2 Bf6 17. Bb3 h6 18. h4 e5 19. g3 e4 20. Ne1 b6 21. f3 Ke7 22.
Bd5 exf3+ 23. Nxf3 Rhd8 24. b5 Ne5 25. Nd4 Nc4 26. a4 Nxe3 27. Kxe3 Be5 28. Kf3
Bxd4 29. Rxd4 Kf6 30. Ke3 Be8 31. Kd3 g5 32. hxg5+ hxg5 33. Re1 Rd6 34. Bb7 Rcd8
35. Bc6 Bg6 36. Kc4 Bf7+ 37. Kd3 Bg6 38. Kc4 Bf7+ 39. Kd3 Bd5 40. Rf1 Bf7 1/2-1/2

[Event "36th World Junior Girls"]
[Site "Manavgat TUR"]
[Date "2018.09.15"]
[Round "11.30"]
[White "Doroy, Allaney Jia G"]
[Black "Du, Yuxin"]
[Result "1-0"]
[WhiteTitle "WFM"]
[WhiteElo "1914"]
[BlackElo "2146"]
[WhiteFideId "5216729"]
[BlackFideId "8610282"]
[EventDate "2018.09.05"]

1. c4 Nf6 2. g3 c5 3. Bg2 Nc6 4. Nc3 e6 5. Nf3 Be7 6. O-O O-O 7. d4 cxd4 8. Nxd4
a6 9. e4 Qc7 10. b3 Bc5 11. Nde2 d6 12. Bb2 e5 13. Nd5 Nxd5 14. cxd5 Ne7 15. Rc1
Qb6 16. Qc2 Bg4 17. h3 Bxe2 18. Qxe2 f5 19. Rc2 f4 20. g4 Ng6 21. Kh1 f3 22.
Bxf3 Nf4 23. Qd1 Nxh3 24. Kg2 Ng5 25. Be2 Nxe4 26. f3 Nf6 27. Bd3 Be3 28. Bf5
Qb4 29. Qd3 Qf4 30. a3 Kh8 31. Re1 Bb6 32. Rc4 Qg5 33. Rh1 Qe3 34. Qc2 Bd8 35.
Bc1 Qb6 36. Bxh7 Re8 37. Bg6+ Kg8 38. Bxe8 Nxe8 39. Qh7+ Kf7 40. Qf5+ Nf6 41. g5 1-0